000 00580nam a2200193Ia 4500
005 20250326144937.0
008 250326s9999 xx 000 0 und d
020 _a0-7506-6368-5
037 _aTextbook
040 _aFMSL
_beng
_cFMSL
041 _aeng
_2eng
084 _aX:8D P5
_qFMSL
100 _aWard K
_9744848
245 0 _aDesigning word class corporate strategies: value creating roles for corporate centres
_cWard K; Bowman C And Others
260 _aNY
_bNY, Elsevier
_c2005
300 _axii,299
942 _cTB
_hX:8D P5
999 _c1305732
_d1305732